[Event "CAN-op U2000 (Pinnacle 48th CAN Op Ch)"]
[Site "Toronto CAN"]
[Date "2011.07.15"]
[Round "7"]
[White "Moran-Venegas, Mario"]
[Black "Triefeldt, Jack"]
[Result "0-1"]
[WhiteElo "1864"]
[BlackElo "1714"]
[PlyCount "94"]
[GameId "2160767909703773"]
[EventDate "2011.07.09"]
[EventType "swiss"]
[EventRounds "9"]
[EventCountry "CAN"]
[SourceTitle "EXT 2022"]
[Source "ChessBase"]
[SourceDate "2021.10.06"]
[SourceVersion "1"]
[SourceVersionDate "2021.10.06"]
[SourceQuality "1"]

1. e4 e6 2. d4 d5 3. Nd2 Nf6 4. e5 Nfd7 5. Bd3 c5 6. c3 Nc6 7. Ngf3 Qb6 8. Qb3 c4 9. Qxb6 Nxb6 10. Bc2 Be7 11. O-O O-O 12. h3 Bd7 13. Nh2 Na5 14. f4 Na4 15. Ndf3 b5 16. b4 Nc6 17. Bxa4 bxa4 18. a3 a6 19. Ng4 Na7 20. Ne3 Nb5 21. Bd2 Rfb8 22. g4 Bd8 23. f5 a5 24. fxe6 fxe6 25. Nc2 axb4 26. Nxb4 Be7 27. Ne1 Rf8 28. Nec2 Rxf1+ 29. Rxf1 Rf8 30. Rxf8+ Kxf8 31. g5 Be8 32. Kf2 Bg6 33. Ke2 Kf7 34. h4 Bh5+ 35. Ke1 Kg6 36. Nc6 Bxa3 37. Nxa3 Nxa3 38. Bc1 Nb1 39. Bb2 a3 40. Ba1 Bg4 41. Kf2 Nd2 42. Kg3 Bf5 43. Kf4 Nb3 44. Ne7+ Kf7 45. Nxf5 exf5 46. Kxf5 g6+ 47. Kg4 Nxa1 0-1

[Event "CAN-op U2000 (Pinnacle 48th CAN Op Ch)"]
[Site "Toronto CAN"]
[Date "2011.07.15"]
[Round "7"]
[White "Morgan, Bryan"]
[Black "Coren, Daniel"]
[Result "1-0"]
[WhiteElo "1562"]
[BlackElo "1738"]
[PlyCount "45"]
[GameId "2160767909703774"]
[EventDate "2011.07.09"]
[EventType "swiss"]
[EventRounds "9"]
[EventCountry "CAN"]
[SourceTitle "EXT 2022"]
[Source "ChessBase"]
[SourceDate "2021.10.06"]
[SourceVersion "1"]
[SourceVersionDate "2021.10.06"]
[SourceQuality "1"]

1. e4 Nf6 2. e5 Nd5 3. c4 Nb6 4. d4 d6 5. f4 dxe5 6. fxe5 Nc6 7. Be3 Bf5 8. Nf3 Bg4 9. Nbd2 e6 10. Be2 Bb4 11. O-O Bxd2 12. Qxd2 O-O 13. b3 Ne7 14. Rad1 c6 15. h3 Bxf3 16. Bxf3 Nf5 17. Bg5 Qc7 18. Be4 Ng3 19. Rf4 Nxe4 20. Rxe4 Rae8 21. Bf6 gxf6 22. Rg4+ Kh8 23. Qh6 1-0

[Event "CAN-op U2000 (Pinnacle 48th CAN Op Ch)"]
[Site "Toronto CAN"]
[Date "2011.07.15"]
[Round "7"]
[White "Mourgelas, James"]
[Black "Allen, Ted"]
[Result "1-0"]
[WhiteElo "1480"]
[BlackElo "1564"]
[PlyCount "53"]
[GameId "2160767909703775"]
[EventDate "2011.07.09"]
[EventType "swiss"]
[EventRounds "9"]
[EventCountry "CAN"]
[SourceTitle "EXT 2022"]
[Source "ChessBase"]
[SourceDate "2021.10.06"]
[SourceVersion "1"]
[SourceVersionDate "2021.10.06"]
[SourceQuality "1"]

1. e4 g6 2. d4 Bg7 3. Nf3 c5 4. Bc4 cxd4 5. Nxd4 Qb6 6. c3 Nc6 7. Nxc6 bxc6 8. O-O Bb7 9. Re1 Qc5 10. Bb3 Be5 11. Be3 Qa5 12. Nd2 Qc7 13. Nf3 Nf6 14. Nxe5 Qxe5 15. Bd4 Qg5 16. f3 h5 17. Be3 Qe5 18. Qd2 d6 19. Rad1 Rd8 20. Bd4 Qa5 21. e5 dxe5 22. Rxe5 Qc7 23. Rde1 e6 24. Qf4 Nd5 25. Bxd5 cxd5 26. Rxe6+ Kd7 27. Re7+ 1-0

[Event "CAN-op U2000 (Pinnacle 48th CAN Op Ch)"]
[Site "Toronto CAN"]
[Date "2011.07.15"]
[Round "7"]
[White "Nasir, Zehn"]
[Black "O'Bumsawin, Nicholas"]
[Result "0-1"]
[WhiteElo "1686"]
[BlackElo "1831"]
[PlyCount "63"]
[GameId "2160767909703776"]
[EventDate "2011.07.09"]
[EventType "swiss"]
[EventRounds "9"]
[EventCountry "CAN"]
[SourceTitle "EXT 2022"]
[Source "ChessBase"]
[SourceDate "2021.10.06"]
[SourceVersion "1"]
[SourceVersionDate "2021.10.06"]
[SourceQuality "1"]

1. d4 Nf6 2. Nc3 c5 3. d5 d6 4. e4 g6 5. Nf3 Bg7 6. Be3 Bg4 7. Be2 a6 8. h3 Bxf3 9. Bxf3 b5 10. Qd2 h5 11. e5 b4 12. exf6 bxc3 13. Qxc3 Bxf6 14. Qb3 Nd7 15. c3 Rb8 16. Qc2 Qc7 17. a4 O-O 18. a5 Rb5 19. Be2 Rxa5 20. O-O Rb8 21. Bxa6 Rxa1 22. Rxa1 Ra8 23. Ra2 Qb6 24. Bc4 Rxa2 25. Bxa2 Qb5 26. Qb3 Qe2 27. h4 Be5 28. g3 Bxg3 29. Kg2 Ne5 30. Qb8+ Kh7 31. Qf8 Qf3+ 32. Kg1 0-1

[Event "CAN-op U2000 (Pinnacle 48th CAN Op Ch)"]
[Site "Toronto CAN"]
[Date "2011.07.15"]
[Round "7"]
[White "O'Sullivan, Patrick"]
[Black "Stavropoulos, Greg"]
[Result "1/2-1/2"]
[WhiteElo "1758"]
[BlackElo "1872"]
[PlyCount "91"]
[GameId "2160767909703777"]
[EventDate "2011.07.09"]
[EventType "swiss"]
[EventRounds "9"]
[EventCountry "CAN"]
[SourceTitle "EXT 2022"]
[Source "ChessBase"]
[SourceDate "2021.10.06"]
[SourceVersion "1"]
[SourceVersionDate "2021.10.06"]
[SourceQuality "1"]

1. e4 c5 2. Nf3 e6 3. d4 cxd4 4. Nxd4 a6 5. c4 Nf6 6. Bd3 Nc6 7. Nxc6 dxc6 8. O-O e5 9. Bg5 Be7 10. Qe2 h6 11. Bh4 O-O 12. Nd2 Bg4 13. f3 Be6 14. Kh1 Nd7 15. Bg3 Bh4 16. Bxh4 Qxh4 17. Qe3 Qe7 18. a3 a5 19. Rac1 f6 20. c5 a4 21. Rc3 Rfd8 22. Rfc1 Nf8 23. Nc4 Bxc4 24. Rxc4 Ne6 25. Bc2 Rd4 26. Bd1 Kh7 27. h3 Rad8 28. Bxa4 Rd3 29. Qe1 Rd2 30. R4c2 Qd7 31. Rxd2 Qxd2 32. Qxd2 Rxd2 33. b4 Nf4 34. Rc2 Rd3 35. Ra2 h5 36. Kg1 h4 37. Kf2 Kh6 38. Ke1 Kg5 39. Bd1 Nh5 40. Ke2 Rd4 41. Bb3 Kf4 42. Kf2 Ng3 43. Be6 Rd1 44. Bc4 Rc1 45. Bd3 Rd1 46. Bc4 1/2-1/2

[Event "CAN-op U2000 (Pinnacle 48th CAN Op Ch)"]
[Site "Toronto CAN"]
[Date "2011.07.15"]
[Round "7"]
[White "Palmer, Jordan"]
[Black "Johnson, Perry V"]
[Result "1-0"]
[WhiteElo "1947"]
[BlackElo "1846"]
[PlyCount "78"]
[GameId "2160767909703778"]
[EventDate "2011.07.09"]
[EventType "swiss"]
[EventRounds "9"]
[EventCountry "CAN"]
[SourceTitle "EXT 2022"]
[Source "ChessBase"]
[SourceDate "2021.10.06"]
[SourceVersion "1"]
[SourceVersionDate "2021.10.06"]
[SourceQuality "1"]

1. e4 e5 2. Nf3 Nc6 3. Bb5 a6 4. Bxc6 dxc6 5. O-O Bg4 6. h3 Bxf3 7. Qxf3 Qf6 8. Qb3 O-O-O 9. Nc3 g5 10. Ne2 Bc5 11. Qg3 h6 12. c3 Ne7 13. b4 Ba7 14. a4 Rdg8 15. c4 Qe6 16. d3 g4 17. hxg4 Rxg4 18. Qf3 Ng6 19. Qh3 Nh4 20. Ng3 Bd4 21. Ra2 Rhg8 22. Kh2 Kb8 23. Re2 Qg6 24. Be3 Bxe3 25. Rxe3 Qg5 26. Kg1 f5 27. exf5 Nxf5 28. Rxe5 Qf4 29. Rxf5 Qd4 30. Rf3 Qg7 31. Re1 Ka7 32. Rfe3 h5 33. Qxh5 Rh8 34. Qc5+ b6 35. Qxc6 Rh6 36. Qe8 Rh8 37. Qe7 Qg6 38. Qxc7+ Ka8 39. Re7 Rh1+ 1-0

[Event "CAN-op U2000 (Pinnacle 48th CAN Op Ch)"]
[Site "Toronto CAN"]
[Date "2011.07.15"]
[Round "7"]
[White "Philip, Andrew"]
[Black "Nickoloff, Steve"]
[Result "1/2-1/2"]
[WhiteElo "1596"]
[BlackElo "1872"]
[PlyCount "81"]
[GameId "2160767909703779"]
[EventDate "2011.07.09"]
[EventType "swiss"]
[EventRounds "9"]
[EventCountry "CAN"]
[SourceTitle "EXT 2022"]
[Source "ChessBase"]
[SourceDate "2021.10.06"]
[SourceVersion "1"]
[SourceVersionDate "2021.10.06"]
[SourceQuality "1"]

1. d4 Nf6 2. Bg5 d5 3. Bxf6 exf6 4. e3 Bd6 5. g3 c6 6. Bg2 Bf5 7. Nd2 O-O 8. Ne2 Nd7 9. O-O Re8 10. c4 dxc4 11. Nxc4 Nb6 12. Nxd6 Qxd6 13. Nc3 Qb4 14. Qb3 Qxb3 15. axb3 Be6 16. Na4 Nxa4 17. bxa4 Bd5 18. Bxd5 cxd5 19. Rfc1 Rac8 20. Rc5 Rxc5 21. dxc5 Rc8 22. Rd1 Rxc5 23. e4 a5 24. Kg2 Kf8 25. exd5 Ke7 26. Kf3 Kd6 27. Ke4 Rc2 28. Rb1 Rc4+ 29. Kd3 Rxa4 30. Re1 Rb4 31. Re8 Rxb2 32. Rd8+ Ke7 33. Ra8 Rxf2 34. Rxa5 Rxh2 35. Rb5 Kd6 36. Rxb7 Kxd5 37. Rxf7 g5 38. Rxf6 Ke5 39. Rf7 h5 40. Ke3 Rh3 41. Kf2 1/2-1/2

[Event "CAN-op U2000 (Pinnacle 48th CAN Op Ch)"]
[Site "Toronto CAN"]
[Date "2011.07.15"]
[Round "7"]
[White "Strugach, Alexander"]
[Black "Haziprodromu, Sam"]
[Result "0-1"]
[WhiteElo "1963"]
[BlackElo "1843"]
[PlyCount "94"]
[GameId "2160767909703780"]
[EventDate "2011.07.09"]
[EventType "swiss"]
[EventRounds "9"]
[EventCountry "CAN"]

1. e4 e5 2. Nf3 Nc6 3. Nc3 Nf6 4. Bc4 Nxe4 5. Bxf7+ Kxf7 6. Nxe4 Be7 7. d4 d5 8. Neg5+ Kg8 9. dxe5 Bf5 10. c3 h6 11. Nh3 Bxh3 12. gxh3 Qd7 13. Be3 Rd8 14. Qe2 Qf5 15. O-O-O Kh7 16. Rhg1 Rhf8 17. Rg3 Rf7 18. Rdg1 Qe4 19. Qc2 Bf8 20. Nd4 Nxe5 21. Qxe4+ dxe4 22. Ne6 Re8 23. Nxf8+ Rexf8 24. Bd4 Re8 25. Re1 Nf3 26. Re2 b6 27. Bxg7 Rxg7 28. Rxf3 exf3 29. Rxe8 Rg2 30. Re7+ Kg6 31. Rxc7 Rxf2 32. Re7 Rxh2 33. Re1 Kf5 34. Re8 Kf4 35. Re1 Rg2 36. Kd1 Rxb2 37. a4 f2 38. Rf1 Kf3 39. Kc1 Ra2 40. Kb1 Ke2 41. Rxf2+ Kxf2 42. Kxa2 Ke3 43. c4 Kd3 44. c5 bxc5 45. h4 Kc3 46. h5 a6 47. Ka1 Kb3 0-1

[Event "CAN-op U2000 (Pinnacle 48th CAN Op Ch)"]
[Site "Toronto CAN"]
[Date "2011.07.15"]
[Round "7"]
[White "Thomson, Bruce"]
[Black "Armstrong, Robert J"]
[Result "0-1"]
[WhiteElo "1628"]
[BlackElo "1740"]
[PlyCount "56"]
[GameId "2160767909703781"]
[EventDate "2011.07.09"]
[EventType "swiss"]
[EventRounds "9"]
[EventCountry "CAN"]
[SourceTitle "EXT 2022"]
[Source "ChessBase"]
[SourceDate "2021.10.06"]
[SourceVersion "1"]
[SourceVersionDate "2021.10.06"]
[SourceQuality "1"]

1. d4 g6 2. Nf3 Bg7 3. g3 Nf6 4. Bg2 O-O 5. O-O d6 6. Bg5 h6 7. Be3 Nc6 8. Qc1 Kh7 9. c4 Ng4 10. Rd1 Nxe3 11. Qxe3 Bf5 12. a3 Re8 13. Nh4 Bg4 14. h3 Bd7 15. Ra2 e5 16. d5 Nd4 17. Nf3 Qc8 18. Kh2 f5 19. Nxd4 f4 20. Qd3 fxg3+ 21. fxg3 exd4 22. g4 Re3 23. Qc2 Qd8 24. Rf1 Qh4 25. Kg1 Rf8 26. Nd2 Rxe2 27. Rxf8 Bxf8 28. Nf3 Qf2+ 0-1

[Event "CAN-op U2000 (Pinnacle 48th CAN Op Ch)"]
[Site "Toronto CAN"]
[Date "2011.07.15"]
[Round "7"]
[White "Todd, Adie"]
[Black "Laporte, Richard"]
[Result "1/2-1/2"]
[WhiteElo "1665"]
[BlackElo "1606"]
[PlyCount "112"]
[GameId "2160767909703782"]
[EventDate "2011.07.09"]
[EventType "swiss"]
[EventRounds "9"]
[EventCountry "CAN"]
[SourceTitle "EXT 2022"]
[Source "ChessBase"]
[SourceDate "2021.10.06"]
[SourceVersion "1"]
[SourceVersionDate "2021.10.06"]
[SourceQuality "1"]

1. d4 d5 2. c4 e6 3. Nc3 Nf6 4. Nf3 Nbd7 5. cxd5 exd5 6. Bf4 a6 7. e3 Be7 8. Bd3 O-O 9. Qc2 c5 10. dxc5 Nxc5 11. Be2 b5 12. a3 Bb7 13. O-O Rc8 14. Rac1 Nfe4 15. Qd1 Nxc3 16. Rxc3 Bf6 17. Be5 Bxe5 18. Nxe5 Qf6 19. Ng4 Qd6 20. h3 f5 21. Nh2 Na4 22. Rxc8 Rxc8 23. Qd2 Qf6 24. b3 Qb2 25. Qxb2 Nxb2 26. Rb1 Rc2 27. Bf1 f4 28. Nf3 fxe3 29. fxe3 Bc8 30. Nd4 Rd2 31. Rc1 Bd7 32. Nf3 Nd3 33. Rc3 Ra2 34. Bxd3 Rxa3 35. Nd4 g6 36. Rc7 Be8 37. Kf2 a5 38. Rc3 a4 39. Nc2 Rxb3 40. Rxb3 axb3 41. Nd4 b2 42. Ke1 b4 43. Bb1 g5 44. g4 h5 45. Kd2 hxg4 46. hxg4 Bd7 47. Nf5 Kf7 48. Bd3 Kf6 49. Kc2 Ba4+ 50. Kxb2 Bd1 51. Nh6 Ke6 52. Bc2 Bf3 53. Kb3 Kf6 54. Kxb4 Kg7 55. Nf5+ Kg6 56. Nh6+ Kg7 1/2-1/2

[Event "CAN-op U2000 (Pinnacle 48th CAN Op Ch)"]
[Site "Toronto CAN"]
[Date "2011.07.15"]
[Round "7"]
[White "Todd, Nick"]
[Black "Thornton, Bill"]
[Result "1-0"]
[WhiteElo "1504"]
[BlackElo "1375"]
[PlyCount "87"]
[GameId "2160767909703783"]
[EventDate "2011.07.09"]
[EventType "swiss"]
[EventRounds "9"]
[EventCountry "CAN"]
[SourceTitle "EXT 2022"]
[Source "ChessBase"]
[SourceDate "2021.10.06"]
[SourceVersion "1"]
[SourceVersionDate "2021.10.06"]
[SourceQuality "1"]

1. Nf3 d5 2. c4 c6 3. d4 e6 4. Nc3 Nf6 5. Bg5 Be7 6. e3 O-O 7. Bd3 Re8 8. Qc2 h6 9. Bf4 a6 10. e4 dxc4 11. Bxc4 Nbd7 12. Rd1 b5 13. Bb3 Nf8 14. O-O Ng6 15. Be3 Qc7 16. d5 c5 17. a4 c4 18. Ne2 Bb7 19. dxe6 Bxe4 20. exf7+ Kxf7 21. Qc3 Rac8 22. Bc2 b4 23. Qd2 Rcd8 24. Ned4 Bxf3 25. Bxg6+ Kxg6 26. gxf3 Qd7 27. Qc2+ Kf7 28. Qxc4+ Nd5 29. Nc6 Kf8 30. Nxd8 Rxd8 31. Bb6 Bd6 32. Bc5 Qh3 33. Bxd6+ Rxd6 34. Qe4 Kf7 35. Kh1 Nf6 36. Qb7+ Rd7 37. Rxd7+ Nxd7 38. Rd1 Ke7 39. Qxb4+ Kd8 40. Qb8+ Ke7 41. Re1+ Kf7 42. Qe8+ Kf6 43. Qe7+ Kg6 44. Qe6+ 1-0

[Event "CAN-op U2000 (Pinnacle 48th CAN Op Ch)"]
[Site "Toronto CAN"]
[Date "2011.07.15"]
[Round "7"]
[White "Zator, Ed"]
[Black "Solis, Jaime"]
[Result "0-1"]
[WhiteElo "1902"]
[BlackElo "1717"]
[PlyCount "162"]
[GameId "2160767909703785"]
[EventDate "2011.07.09"]
[EventType "swiss"]
[EventRounds "9"]
[EventCountry "CAN"]
[SourceTitle "EXT 2022"]
[Source "ChessBase"]
[SourceDate "2021.10.06"]
[SourceVersion "1"]
[SourceVersionDate "2021.10.06"]
[SourceQuality "1"]

1. e4 e5 2. Nf3 Nc6 3. Bb5 a6 4. Ba4 Nf6 5. O-O Be7 6. Re1 b5 7. Bb3 d6 8. c3 O-O 9. h3 Na5 10. Bc2 c5 11. d4 Nc6 12. d5 Nb8 13. Nbd2 Nbd7 14. Nf1 Re8 15. a4 Bb7 16. b3 Nb6 17. a5 Nbd7 18. g4 Nf8 19. Ng3 h6 20. Nf5 N6h7 21. Kh2 Bc8 22. Rg1 Ng6 23. Bd3 Rb8 24. c4 b4 25. Nxe7+ Qxe7 26. g5 Qd7 27. Bf1 h5 28. h4 Ngf8 29. Rg3 Qe7 30. Ng1 g6 31. Bg2 Nd7 32. Bf3 Ndf8 33. Be3 Kh8 34. Nh3 Rb7 35. Qe2 Rd8 36. Re1 Qc7 37. Qa2 Qe7 38. Ra1 Qc7 39. Bc1 Qe7 40. Qd2 Qc7 41. Be2 Kg8 42. Bb2 Qe7 43. Qd1 Rc7 44. Bxh5 gxh5 45. Qxh5 Bxh3 46. Kxh3 Ng6 47. Bc1 Nhf8 48. Kh2 Nf4 49. Qg4 Qd7 50. Qf3 Qe7 51. h5 Kh8 52. Bb2 Kg8 53. Rag1 Qe8 54. Rh1 Rdd7 55. Kg1 Ra7 56. Rg4 Re7 57. Rxf4 exf4 58. Qxf4 Re5 59. Kf1 Qe7 60. g6 fxg6 61. Qh6 Qg5 62. hxg6 Qxh6 63. Rxh6 Kg7 64. Rh4 Nxg6 65. Rg4 Kf7 66. Bxe5 Nxe5 67. Rh4 Kg7 68. Ke2 Rb7 69. f4 Ng6 70. Rg4 Kf6 71. Ke3 Rh7 72. Rg3 Rh1 73. f5 Ne5 74. Rg8 Rh3+ 75. Ke2 Rxb3 76. Ra8 Nxc4 77. Rxa6 Ra3 78. Ra8 Rxa5 79. Re8 Ra3 80. Re6+ Kf7 81. e5 Re3+ 0-1

[Event "CAN-op U2000 (Pinnacle 48th CAN Op Ch)"]
[Site "Toronto CAN"]
[Date "2011.07.16"]
[Round "8"]
[White "Allen, Ted"]
[Black "Thornton, Bill"]
[Result "1-0"]
[WhiteElo "1564"]
[BlackElo "1375"]
[PlyCount "87"]
[GameId "2160767909703786"]
[EventDate "2011.07.09"]
[EventType "swiss"]
[EventRounds "9"]
[EventCountry "CAN"]
[SourceTitle "EXT 2022"]
[Source "ChessBase"]
[SourceDate "2021.10.06"]
[SourceVersion "1"]
[SourceVersionDate "2021.10.06"]
[SourceQuality "1"]

1. e4 c5 2. Nf3 e6 3. Nc3 d6 4. Bc4 Nf6 5. d4 cxd4 6. Nxd4 Nc6 7. Be3 Be7 8. Bb5 Bd7 9. Qd2 O-O 10. Nde2 Rc8 11. Bxc6 Bxc6 12. Ng3 d5 13. f3 a6 14. O-O-O Qd7 15. e5 Ne8 16. h4 f5 17. Bg5 Nc7 18. Bxe7 Qxe7 19. f4 b5 20. Nce2 b4 21. Nd4 Bd7 22. Nge2 a5 23. b3 Na6 24. Nf3 a4 25. Qd4 axb3 26. axb3 Nc5 27. Kb2 Ne4 28. Ng5 Ra8 29. Nxe4 fxe4 30. g3 Ra3 31. Ra1 Rfa8 32. Rxa3 Rxa3 33. Ra1 Bb5 34. Ng1 Qf8 35. Qb6 Rxa1 36. Kxa1 Bf1 37. Qxe6+ Kh8 38. Qxd5 Bg2 39. Kb2 h6 40. Qd6 Qa8 41. Qxb4 Qd8 42. Qd6 Qa8 43. e6 e3 44. e7 1-0

[Event "CAN-op U2000 (Pinnacle 48th CAN Op Ch)"]
[Site "Toronto CAN"]
[Date "2011.07.16"]
[Round "8"]
[White "Armstrong, Robert J"]
[Black "Cortez, Pacifico"]
[Result "0-1"]
[WhiteElo "1740"]
[BlackElo "1830"]
[PlyCount "72"]
[GameId "2160767909703787"]
[EventDate "2011.07.09"]
[EventType "swiss"]
[EventRounds "9"]
[EventCountry "CAN"]
[SourceTitle "EXT 2022"]
[Source "ChessBase"]
[SourceDate "2021.10.06"]
[SourceVersion "1"]
[SourceVersionDate "2021.10.06"]
[SourceQuality "1"]

1. d4 Nf6 2. c4 e6 3. Nf3 b6 4. e3 Bb7 5. Bd3 Bb4+ 6. Bd2 Bxd2+ 7. Nbxd2 d6 8. O-O O-O 9. Qc2 Nbd7 10. e4 e5 11. b4 Re8 12. c5 Nf8 13. c6 Bc8 14. dxe5 dxe5 15. Qc3 Ng6 16. Rad1 Qe7 17. Rfe1 Nh5 18. Nc4 Nhf4 19. Ne3 f6 20. Bc4+ Be6 21. Rd7 Qf8 22. Nf5 Ne7 23. Rxc7 Kh8 24. Bxe6 Nxe6 25. Rd7 Nc8 26. Red1 g6 27. Nd6 Re7 28. Nxc8 Rxc8 29. Rxe7 Qxe7 30. h3 Rc7 31. Rd5 Nf4 32. Rd2 Ne6 33. Kf1 Nd8 34. b5 Ne6 35. Rd5 Nf4 36. Nxe5 Nxd5 0-1

[Event "CAN-op U2000 (Pinnacle 48th CAN Op Ch)"]
[Site "Toronto CAN"]
[Date "2011.07.16"]
[Round "8"]
[White "Bergeron, Florian"]
[Black "Zator, Ed"]
[Result "0-1"]
[WhiteElo "1728"]
[BlackElo "1902"]
[PlyCount "102"]
[GameId "2160767909703788"]
[EventDate "2011.07.09"]
[EventType "swiss"]
[EventRounds "9"]
[EventCountry "CAN"]
[SourceTitle "EXT 2022"]
[Source "ChessBase"]
[SourceDate "2021.10.06"]
[SourceVersion "1"]
[SourceVersionDate "2021.10.06"]
[SourceQuality "1"]

1. d4 f5 2. c4 Nf6 3. g3 e6 4. Bg2 d5 5. cxd5 exd5 6. Nc3 c6 7. Nh3 Be7 8. O-O O-O 9. f3 h6 10. Nf2 b6 11. e4 fxe4 12. fxe4 Ba6 13. Re1 dxe4 14. Nfxe4 Bb7 15. Be3 Nbd7 16. Rc1 Rc8 17. Kh1 Nxe4 18. Nxe4 Nf6 19. h3 Nd5 20. Bg1 Qd7 21. a3 Rcd8 22. Kh2 Rf5 23. h4 Rdf8 24. Bh3 Bc8 25. Kh1 Qc7 26. Bxf5 Bxf5 27. Bh2 Qd7 28. Kg1 Bg4 29. Qd2 Bf3 30. Nc3 Bxh4 31. Nxd5 cxd5 32. Rc3 Bg5 33. Qc2 Qg4 34. Rf1 Qxd4+ 35. Qf2 Qxf2+ 36. Rxf2 Bh5 37. Rxf8+ Kxf8 38. Rc8+ Be8 39. Kf1 a5 40. a4 Ke7 41. b3 d4 42. Bg1 d3 43. Rxe8+ Kxe8 44. Ke1 d2+ 45. Kd1 Be7 46. Kxd2 Bc5 47. Bxc5 bxc5 48. Kd3 Kd7 49. Ke4 Ke6 50. Kf4 g6 51. Ke4 Kd6 0-1

[Event "CAN-op U2000 (Pinnacle 48th CAN Op Ch)"]
[Site "Toronto CAN"]
[Date "2011.07.16"]
[Round "8"]
[White "Coren, Daniel"]
[Black "Thomson, Bruce"]
[Result "1-0"]
[WhiteElo "1738"]
[BlackElo "1626"]
[PlyCount "60"]
[GameId "2160767909703789"]
[EventDate "2011.07.09"]
[EventType "swiss"]
[EventRounds "9"]
[EventCountry "CAN"]
[SourceTitle "EXT 2022"]
[Source "ChessBase"]
[SourceDate "2021.10.06"]
[SourceVersion "1"]
[SourceVersionDate "2021.10.06"]
[SourceQuality "1"]

1. e4 c6 2. d4 d5 3. exd5 cxd5 4. Bd3 Nc6 5. c3 g6 6. Bf4 Bg7 7. Nd2 Nf6 8. h3 O-O 9. Ngf3 Re8 10. O-O Bd7 11. Re1 Qc8 12. Rc1 b6 13. Ne5 a6 14. Qe2 e6 15. f3 Nh5 16. Bh2 a5 17. g4 Nf6 18. h4 Re7 19. Nf1 Ne8 20. h5 g5 21. Bb1 f6 22. Nxc6 Bxc6 23. Qd3 Bh6 24. Ne3 Qd7 25. b3 Nd6 26. c4 dxc4 27. Nxc4 Nxc4 28. bxc4 Rd8 29. Rcd1 Qb7 30. Kf2 b5 1-0

[Event "CAN-op U2000 (Pinnacle 48th CAN Op Ch)"]
[Site "Toronto CAN"]
[Date "2011.07.16"]
[Round "8"]
[White "Dattani, Dinesh"]
[Black "Todd, Adie"]
[Result "1/2-1/2"]
[WhiteElo "1379"]
[BlackElo "1665"]
[PlyCount "57"]
[GameId "2160767909703790"]
[EventDate "2011.07.09"]
[EventType "swiss"]
[EventRounds "9"]
[EventCountry "CAN"]
[SourceTitle "EXT 2022"]
[Source "ChessBase"]
[SourceDate "2021.10.06"]
[SourceVersion "1"]
[SourceVersionDate "2021.10.06"]
[SourceQuality "1"]

1. e4 c5 2. Nf3 d6 3. d4 cxd4 4. Nxd4 Nf6 5. Nc3 g6 6. Be2 Bg7 7. Be3 O-O 8. Qd2 Nc6 9. Nb3 Be6 10. f3 Ne5 11. O-O-O Rc8 12. Nd5 Bxd5 13. exd5 Qc7 14. c3 Nc4 15. Bxc4 Qxc4 16. Qd3 Qc7 17. Kb1 Nd7 18. Bd4 Nf6 19. Be3 a5 20. a4 Ra8 21. Qb5 Qd7 22. c4 Qxb5 23. cxb5 Nd7 24. Rc1 b6 25. Rc7 Rfd8 26. Rhc1 Bf6 27. Rb7 Rab8 28. Rcc7 Nc5 29. Rxb8 1/2-1/2

[Event "CAN-op U2000 (Pinnacle 48th CAN Op Ch)"]
[Site "Toronto CAN"]
[Date "2011.07.16"]
[Round "8"]
[White "Del Duca, Giuseppe1"]
[Black "Todd, Nick"]
[Result "0-1"]
[WhiteElo "1374"]
[BlackElo "1504"]
[PlyCount "72"]
[GameId "2160767909703791"]
[EventDate "2011.07.09"]
[EventType "swiss"]
[EventRounds "9"]
[EventCountry "CAN"]
[SourceTitle "EXT 2022"]
[Source "ChessBase"]
[SourceDate "2021.10.06"]
[SourceVersion "1"]
[SourceVersionDate "2021.10.06"]
[SourceQuality "1"]

1. e4 c6 2. d4 d5 3. e5 e6 4. Nf3 c5 5. c3 Nc6 6. g3 Nge7 7. Bg2 Nf5 8. O-O Qb6 9. g4 Nfe7 10. Qd3 Bd7 11. Nbd2 Ng6 12. Nb1 Be7 13. b3 h5 14. g5 h4 15. h3 Rh5 16. Be3 O-O-O 17. Qd2 Rg8 18. Nh2 f6 19. Bf3 Rhh8 20. Qd3 Be8 21. gxf6 Ngxe5 22. dxc5 Qc7 23. Qe2 gxf6+ 24. Kh1 Bg6 25. Qd1 Nxf3 26. Qxf3 Be4 27. Qxe4 dxe4 28. b4 f5 29. a4 Bf6 30. f4 Rg3 31. Re1 Rhg8 32. Bd2 Qg7 33. Na3 Qd7 34. Nc4 Qd5 35. Ne3 Qxd2 36. Rad1 Rxe3 0-1

[Event "CAN-op U2000 (Pinnacle 48th CAN Op Ch)"]
[Site "Toronto CAN"]
[Date "2011.07.16"]
[Round "8"]
[White "Doknjas, John"]
[Black "Yu, Jonathan"]
[Result "1-0"]
[WhiteElo "1997"]
[BlackElo "1971"]
[PlyCount "65"]
[GameId "2160767909703792"]
[EventDate "2011.07.09"]
[EventType "swiss"]
[EventRounds "9"]
[EventCountry "CAN"]
[SourceTitle "EXT 2022"]
[Source "ChessBase"]
[SourceDate "2021.10.06"]
[SourceVersion "1"]
[SourceVersionDate "2021.10.06"]
[SourceQuality "1"]

1. d4 e6 2. c4 Nf6 3. Nc3 Bb4 4. a3 Bxc3+ 5. bxc3 b6 6. f3 d5 7. cxd5 exd5 8. e3 O-O 9. Bd3 Re8 10. Ne2 c5 11. O-O Ba6 12. Bxa6 Nxa6 13. Qd3 Nc7 14. Ng3 Ne6 15. Bb2 Rc8 16. Rac1 a5 17. Rcd1 h5 18. e4 h4 19. Nf5 h3 20. g3 dxe4 21. fxe4 cxd4 22. cxd4 Ng5 23. e5 Qd5 24. Ne3 Nf3+ 25. Kf2 Ng4+ 26. Nxg4 Nxe5 27. dxe5 Qg2+ 28. Ke1 Qxb2 29. Rf2 Rxe5+ 30. Nxe5 Qxe5+ 31. Kf1 Qe6 32. Qd5 Qg6 33. Qf5 1-0

[Event "CAN-op U2000 (Pinnacle 48th CAN Op Ch)"]
[Site "Toronto CAN"]
[Date "2011.07.16"]
[Round "8"]
[White "Garel, Rick"]
[Black "Nasir, Zehn"]
[Result "1/2-1/2"]
[WhiteElo "1942"]
[BlackElo "1686"]
[PlyCount "75"]
[GameId "2160767909703793"]
[EventDate "2011.07.09"]
[EventType "swiss"]
[EventRounds "9"]
[EventCountry "CAN"]
[SourceTitle "EXT 2022"]
[Source "ChessBase"]
[SourceDate "2021.10.06"]
[SourceVersion "1"]
[SourceVersionDate "2021.10.06"]
[SourceQuality "1"]

1. e4 d5 2. d4 dxe4 3. Nc3 Nf6 4. Bf4 c6 5. Qd2 Bf5 6. f3 e6 7. O-O-O Bb4 8. a3 Ba5 9. b4 Bc7 10. g4 Bg6 11. g5 Bxf4 12. Qxf4 Nd5 13. Nxd5 Qxd5 14. c4 Qf5 15. Qxf5 Bxf5 16. f4 Nd7 17. c5 Ke7 18. Bg2 a5 19. Kb2 axb4 20. axb4 Ra4 21. Ra1 Rxa1 22. Kxa1 h6 23. h4 hxg5 24. hxg5 Rxh1 25. Bxh1 f6 26. Ne2 Bg4 27. Nc1 e3 28. Kb2 fxg5 29. fxg5 Nf8 30. Kc3 Bf5 31. b5 Kd7 32. Nd3 Nh7 33. bxc6+ bxc6 34. g6 Ng5 35. Ne5+ Kc7 36. Bxc6 Bxg6 37. Nxg6 Kxc6 38. Kd3 1/2-1/2